| 000 | 00773cab a2200229 4500 | ||
|---|---|---|---|
| 001 | WB3232-28 | ||
| 008 | 090401t1996 xxu||||| |||| 00| 0 eng d | ||
| 035 | _a(Sirsi) u73757 | ||
| 041 | _aeng | ||
| 245 | _aLondon lures investors | ||
| 260 | _c1996 | ||
| 350 | _a0 | ||
| 490 |
_aEuropean _v22 August 1996, 24(1) |
||
| 520 | _aThe Stock Exchange is to allow the listing of Authorised Property Unit Trusts and the creation of Housing Investment Trusts, to encourage investors by offering greater liquidity in property. | ||
| 650 | _aAUTHORISED PROPERTY UNIT TRUSTS | ||
| 650 | _aHOUSING INVESTMENT TRUSTS | ||
| 650 | _aPROPERTY INVESTMENT | ||
| 650 | _aSTOCK EXCHANGE | ||
| 690 | _aPROPERTY-PROPERTY FINANCE AND INVESTMENT | ||
| 942 | _n0 | ||
| 948 | _c04/03/1997 | ||
| 999 |
_c46562 _d46562 |
||